FIFA Futsal World Cup Host Countries - Statistics

General Stats
  • This quiz has been taken 32 times
  • The average score is 5 of 9
Answer Stats
Year Country % Correct
2008 Brazil
93%
1996 Spain
89%
1992 Hong Kong
78%
1989 Netherlands
63%
2016 Colombia
52%
2012 Thailand
52%
2020 Lithuania
48%
2004 Chinese Taipei
33%
2000 Guatemala
26%
No matching quizzes found
Score Distribution
Percent of People with Each Score
Percentile by Number Answered
Your Score History
You have not taken this quiz